000 00413nam a2200181Ia 4500
005 20240823031044.0
008 240823s9999||||xx |||||||||||||| ||und||
041 _aENGLISH
082 _A540 P3
100 _aNeelakantan M A et al.
245 0 _aEngineering Chemistry
250 _a1st
260 _c2003
_bJTN Publica
500 _aYES
650 _aChemistry
_bChemistry
942 _cBK
999 _c190164
_d190164